La cimentación de presas en macizos rocosos
Saved in:
| Corporate Author: | |
|---|---|
| Format: | Book |
| Language: | Spanish |
| Published: |
Madrid
Colegio de Ingenieros de Caminos, Canales y Puertos
1993
|
| Subjects: | |
| Tags: |
Add Tag
No Tags, Be the first to tag this record!
|
MARC
| LEADER | 00000nam a2200000 a 4500 | ||
|---|---|---|---|
| 001 | UCX8162 | ||
| 003 | CL-VaPUC | ||
| 008 | 940127e19930000SP |||||||||||||||||spa|d | ||
| 082 | 0 | 4 | |a 627.81 |b COM |2 21 |
| 110 | 2 | |a Comité Español de Grandes Presas |e author |9 325217 | |
| 245 | 1 | 3 | |a La cimentación de presas en macizos rocosos |
| 300 | |a 176 p | ||
| 942 | |c BK | ||
| 945 | |d 19940127 00:00:00 |a mfernand | ||
| 260 | |a Madrid |b Colegio de Ingenieros de Caminos, Canales y Puertos |c 1993 | ||
| 650 | 7 | |a CIMIENTOS |2 CL-VaPUC |9 260635 | |
| 650 | 7 | |a PRESAS DISEÑO Y CONSTRUCCION |2 CL-VaPUC |9 325157 | |
| 583 | |a last modification |c 19940127 00:00:00 |k Rodrigo Vera | ||
| 999 | |c 227756 |d 227754 | ||
| 952 | |0 0 |1 0 |4 0 |6 627_810000000000000_COM_1993 |7 0 |8 A |9 226976 |a BIBING |b BIBING |d 2019-11-15 |i 2960745 |o 627.81 COM 1993 |p 2960745 |r 2025-01-20 |w 2019-11-15 |y BK |k CCL | ||